<?xml version="1.0" encoding="UTF-8"?>
<record
    xmlns:xsi="http://www.w3.org/2001/XMLSchema-instance"
    xsi:schemaLocation="http://www.loc.gov/MARC21/slim http://www.loc.gov/standards/marcxml/schema/MARC21slim.xsd"
    xmlns="http://www.loc.gov/MARC21/slim">

  <leader>01680nam a2200265 i 4500</leader>
  <controlfield tag="003">DO-SdBNP</controlfield>
  <controlfield tag="005">20240604142143.0</controlfield>
  <controlfield tag="006">a||||gr|||| 00| 0 </controlfield>
  <controlfield tag="007">ta</controlfield>
  <controlfield tag="008">240529m19821986dr ||||| |||| 00| 0 spa d</controlfield>
  <datafield tag="040" ind1=" " ind2=" ">
    <subfield code="a">DO-SdBNP</subfield>
    <subfield code="b">spa</subfield>
    <subfield code="c">BNPHU</subfield>
    <subfield code="e">rda</subfield>
  </datafield>
  <datafield tag="082" ind1=" " ind2="4">
    <subfield code="2">22</subfield>
    <subfield code="b">J826g</subfield>
  </datafield>
  <datafield tag="100" ind1="1" ind2=" ">
    <subfield code="a">Jorge Blanco, Salvador, </subfield>
    <subfield code="d">1926-2000</subfield>
    <subfield code="9">45829</subfield>
    <subfield code="e">autor</subfield>
  </datafield>
  <datafield tag="245" ind1="1" ind2="0">
    <subfield code="a">Gobierno de Concentraci&#xF3;n Nacional:</subfield>
    <subfield code="b">programa de gobierno /</subfield>
    <subfield code="c">Salvador Jorge blanco.</subfield>
  </datafield>
  <datafield tag="264" ind1=" " ind2=" ">
    <subfield code="a">[Santo Domingo] :</subfield>
    <subfield code="b">[no identificado],</subfield>
    <subfield code="c">[1882 - 1986]</subfield>
  </datafield>
  <datafield tag="300" ind1=" " ind2=" ">
    <subfield code="a">77 p&#xE1;ginas :</subfield>
    <subfield code="b">ilustraciones, retrato ;</subfield>
    <subfield code="c">29 cm.</subfield>
  </datafield>
  <datafield tag="336" ind1=" " ind2=" ">
    <subfield code="2">rdacontent</subfield>
    <subfield code="a">texto</subfield>
    <subfield code="b">txt</subfield>
  </datafield>
  <datafield tag="337" ind1=" " ind2=" ">
    <subfield code="2">rdamedia</subfield>
    <subfield code="a">sin mediaci&#xF3;n</subfield>
    <subfield code="b">n</subfield>
  </datafield>
  <datafield tag="338" ind1=" " ind2=" ">
    <subfield code="2">rdacarrier</subfield>
    <subfield code="a">volumen</subfield>
    <subfield code="b">nc</subfield>
  </datafield>
  <datafield tag="500" ind1=" " ind2=" ">
    <subfield code="a">Salvador Jorge Blanco, Presidente 82-86. Partido Revolucionario Dominicano.</subfield>
  </datafield>
  <datafield tag="505" ind1=" " ind2=" ">
    <subfield code="a">Fundamento del programa.-- El Principio de la No-reelecci&#xF3;n.</subfield>
    <subfield code="g">Cap&#xED;tulo I.</subfield>
    <subfield code="t">De la Organizaci&#xF3;n del Estado.--</subfield>
    <subfield code="g">Cap&#xED;tulo II.</subfield>
    <subfield code="t">De los Sectores Productivos Intertnos.--</subfield>
    <subfield code="g">Cap&#xED;tulo III.</subfield>
    <subfield code="t">De los Servicios Sociales.--</subfield>
    <subfield code="g">Cap&#xED;tulo VI.</subfield>
    <subfield code="t">De las Relaciones Laborales.--</subfield>
    <subfield code="g">Cap&#xED;tulo V.</subfield>
    <subfield code="t">Transporte y Comunicaciones.--</subfield>
    <subfield code="g">Cap&#xED;tulo VI.</subfield>
    <subfield code="t">De la Construcci&#xF3;n.--</subfield>
    <subfield code="g">Cap&#xED;tulo VII.</subfield>
    <subfield code="t">De las Relaciones Internacionales.--</subfield>
    <subfield code="g">Cap&#xED;tulo VIII.</subfield>
    <subfield code="t">De la Administraci&#xF3;n de la Justicia.--</subfield>
    <subfield code="g">Cap&#xED;tulo IX.</subfield>
    <subfield code="t">Pol&#xED;tica de Empleo.--</subfield>
    <subfield code="g">Cap&#xED;tulo X.</subfield>
    <subfield code="t">Pol&#xED;tica para el Control de la Inflacci&#xF3;n.--</subfield>
    <subfield code="g">Cap&#xED;tulo XI.</subfield>
    <subfield code="t">De las Fuerzas Armadas y la Polic&#xED;a Nacional.--</subfield>
    <subfield code="g">Cap&#xED;tulo XII.</subfield>
    <subfield code="t">De la Moral P&#xFA;blica.--  </subfield>
    <subfield code="g">Cap&#xED;tulo XIII.</subfield>
    <subfield code="t">Las Medidas Salvadoras.</subfield>
  </datafield>
  <datafield tag="590" ind1=" " ind2=" ">
    <subfield code="a">Inventariado 2024 / MF</subfield>
  </datafield>
  <datafield tag="600" ind1="1" ind2="0">
    <subfield code="a">Jorge Blanco, Salvador,</subfield>
    <subfield code="d">1926-2010</subfield>
    <subfield code="9">30551</subfield>
    <subfield code="t">Programa de Gobierno</subfield>
    <subfield code="z">Rep&#xFA;blica Dominicana</subfield>
  </datafield>
  <datafield tag="942" ind1=" " ind2=" ">
    <subfield code="2">ddc</subfield>
    <subfield code="c">LBS1</subfield>
  </datafield>
  <datafield tag="952" ind1=" " ind2=" ">
    <subfield code="0">0</subfield>
    <subfield code="1">0</subfield>
    <subfield code="2">ddc</subfield>
    <subfield code="5">1</subfield>
    <subfield code="7">0</subfield>
    <subfield code="8">PD</subfield>
    <subfield code="a">BNPHU</subfield>
    <subfield code="b">BNPHU</subfield>
    <subfield code="c">CT</subfield>
    <subfield code="d">2022-05-19</subfield>
    <subfield code="e">Donado por Ubi Rivas</subfield>
    <subfield code="l">0</subfield>
    <subfield code="o">J826g</subfield>
    <subfield code="p">2024-3221</subfield>
    <subfield code="r">2024-05-29</subfield>
    <subfield code="w">2024-05-29</subfield>
    <subfield code="y">LBS1</subfield>
  </datafield>
  <datafield tag="999" ind1=" " ind2=" ">
    <subfield code="c">56776</subfield>
    <subfield code="d">56776</subfield>
  </datafield>
</record>
